000 00403nam a22001697a 4500
005 20181016150752.0
008 160622b xxu||||| |||| 00| 0 eng d
020 _a0-07-463197-7
041 _aeng
082 _b8860
_a658.403
100 _aJawadekar,W.S
_92402
245 _aManagement Information System
260 _bTMH
_c1999
_adelhi
300 _a491p,
650 _aManagement
_9241
942 _cBK
999 _c3457
_d3456